UMLA - Statistiques

Statistiques générales
  • Ce quiz a été pris 9 fois
  • Le résultat moyen est 390 sur 542
Statistiques - réponses
Réponse % Correct
a.
100%
. à.
100%
à.
100%
ai.
100%
au.
100%
. avait
100%
avec.
100%
bled.
100%
ce.
100%
c'est.
100%
changerait.
100%
collègues,
100%
comme
100%
comme.
100%
dans.
100%
de.
100%
. de.
100%
dès.
100%
. des.
100%
des.
100%
du.
100%
. du.
100%
dû.
100%
elle,
100%
elle
100%
elle.
100%
elles.
100%
. en
100%
en.
100%
et.
100%
et
100%
fond.
100%
introverti.
100%
je
100%
je.
100%
. je
100%
jeune.
100%
la.
100%
là.
100%
l'a.
100%
le
100%
le.
100%
. le.
100%
les
100%
les.
100%
ma.
100%
m'a.
100%
. m'a.
100%
mais.
100%
. mais
100%
me.
100%
merde.
100%
mère.
100%
ne.
100%
où.
100%
pas.
100%
, pas.
100%
plus.
100%
pour.
100%
que.
100%
qui.
100%
qu'on.
100%
se.
100%
s'en.
100%
s'il
100%
sorti.
100%
tu.
100%
. un.
100%
un.
100%
une.
100%
vendre.
100%
ventre.
100%
vie.
100%
vie
100%
vie,
100%
visa.
100%
. visage.
100%
, visage.
100%
âme.
80%
attendre.
80%
bè.
80%
bien.
80%
. blouse.
80%
ça.
80%
cet.
80%
cette.
80%
choses.
80%
collait,
80%
. collège.
80%
comment.
80%
connais
80%
crois.
80%
dépressif.
80%
descente.
80%
dit.
80%
douce.
80%
éclairé.
80%
encore
80%
encore.
80%
esprit.
80%
est.
80%
fertile.
80%
fort.
80%
fout.
80%
. fouteurs
80%
France.
80%
frères.
80%
honte.
80%
j'ai.
80%
j'arrive.
80%
joignent.
80%
j'passe.
80%
j'tape
80%
j'y.
80%
l'autre.
80%
. lave.
80%
lave.
80%
laver.
80%
l'écran.
80%
. l'époque
80%
l'issue.
80%
lui.
80%
lyrics.
80%
Mac.
80%
main.
80%
main
80%
Main.
80%
mat'
80%
même.
80%
mes.
80%
mon.
80%
. mon.
80%
murs
80%
naissances.
80%
n'arrivent.
80%
nique.
80%
par.
80%
pété.
80%
pulls.
80%
quitté.
80%
rend.
80%
renoi.
80%
re-noi.
80%
sa.
80%
scolaire.
80%
ses.
80%
sincou.
80%
. stressante.
80%
suis.
80%
système.
80%
très.
80%
trop.
80%
tue.
80%
vu.
80%
6h30
60%
amers.
60%
aujourd'hui.
60%
benne.
60%
bêtement,
60%
blanche.
60%
cancres.
60%
celui.
60%
clairement
60%
classieuse.
60%
cœur.
60%
com8.
60%
connectent.
60%
cordon.
60%
coupe.
60%
crayon,
60%
daron.
60%
d'enterrements.
60%
disait.
60%
dont.
60%
d'secours ?
60%
d'un.
60%
ex.
60%
famille.
60%
fils.
60%
gars
60%
j'aime.
60%
j'étais.
60%
j'existe.
60%
J'mépaissis
60%
jour.
60%
j'pense.
60%
j'suis.
60%
lassé.
60%
lieu
60%
mécréant.
60%
mine.
60%
mis.
60%
moi.
60%
monte.
60%
panique.
60%
ta.
60%
tombent.
60%
travers.
60%
vêtements.
60%
vivre.
60%
aîné.
40%
al.
40%
alors.
40%
assez.
40%
autre.
40%
autre
40%
bègue.
40%
compris.
40%
confié.
40%
consommateur.
40%
devait.
40%
d'illicite.
40%
d'ouvrir.
40%
droite.
40%
d'une.
40%
dur.
40%
époque.
40%
existence.
40%
flinguée.
40%
gauche.
40%
geindre.
40%
guette.
40%
gun.
40%
hey,
40%
ici.
40%
joindre.
40%
la femme.
40%
laissé.
40%
laisse-moi.
40%
loser.
40%
lyriciste,
40%
m'aide.
40%
mène.
40%
menteur.
40%
miens.
40%
miroir.
40%
m'secoue
40%
passée.
40%
. pense.
40%
pense.
40%
plan.
40%
qu'il.
40%
rendue.
40%
rétrécit
40%
sera.
40%
seras.
40%
tongs.
40%
tout.
40%
trace.
40%
traité.
40%
traite,
40%
traites.
40%
venir.
40%
vices,
40%
vide.
40%
vite,
40%
yeux,
40%
1995.
20%
aurait.
20%
bains.
20%
bas,
20%
belle.
20%
chances,
20%
chants.
20%
chemin.
20%
d'été.
20%
Dieu.
20%
est-ce.
20%
garde.
20%
gloire.
20%
inconnu.
20%
l'acte.
20%
l'adolescence.
20%
l'âme.
20%
l'enfer.
20%
l'Entourage.
20%
l'impression.
20%
mains.
20%
matériel.
20%
m'enlevant.
20%
paradis.
20%
pendant.
20%
petits.
20%
quand.
20%
quelle.
20%
reufs,
20%
sais.
20%
salle.
20%
sang.
20%
shoes.
20%
sous.
20%
temps.
20%
tireur,
20%
toi.
20%
une. nuit.
20%
vise.
20%
appliquer.
0%
art.
0%
assimiles.
0%
briquet.
0%
chaque.
0%
demain.
0%
demande.
0%
descendre ?
0%
d'mauvaise.
0%
d'ordure.
0%
faut.
0%
fini.
0%
humeur.
0%
je. maximise.
0%
jeule.
0%
jours.
0%
l'essence.
0%
match,
0%
mauvais.
0%
mécarte.
0%
perds.
0%
peut.
0%
prière.
0%
puis.
0%
qu'est-ce.
0%
rappe.
0%
recycler.
0%
rentrer.
0%
shoots.
0%
t'as.
0%
tous.
0%
vais.
0%
vas-y.
0%
voleur,
0%
Aucun quiz correspondant
Distribution des résultats
% des personnes avec chaque résultat
Percentile par nombre de réponses
Votre historique - résultats
Vous n’avez pas pris ce quiz